Orange is the new black - Statistics

General Stats
  • This quiz has been taken 233 times
    207 since last reset
  • The average score is 22 of 39
Answer Stats
Clue Answer % Correct
The story follows... Piper Chapman
92%
Her ex girlfriend... Alex Vause
88%
Suzanne '.......... ......' Warren Crazy eyes
84%
Her fiancee Larry
82%
Her prison mom Red
80%
Her sometimes straight girlfriend Lorna Morello
73%
Her french named friend Poussey
73%
Lesbian junkie Nicky Nichols
71%
Her brother Cal
70%
Her best friend Polly
70%
The officer framed for rape Pornstache
70%
Has a dog named Little boo Big Boo
69%
Black inmate who later turns Jewish Cindy Hayes
69%
Inmate who gets pregnant in 1st series Dayanara Diaz
69%
Flamboyant black inmate Taystee
69%
Prisoner who never talks but sings in front of everyone at the christmas pagent Norma
66%
Has a teardrop underneath her eye Flaca
65%
Christian who attacks the main character Tiffany Dogget
64%
Officer who gets her pregnant Bennet
63%
Inmate who died of cancer Miss Rosa
63%
Spanish woman who was abused in her past during series 2 Gloria
61%
Evil black woman during series 2 Vee
61%
Best friend of ^^^^ Maritza
60%
Transgender played by Laverne Cox Sophia Burset
58%
Officer who has it in for lesbians Healy
56%
Her mother Aleida Diaz
54%
Famous chef Judy King
52%
The track runner Janae Watson
50%
Spanish gang leader Maria Ruiz
42%
As she is senteced to ..... months 15 months
39%
Officer moved from maximum security to minimum Piscatella
39%
Current warden/director of human activity Joe Caputo
37%
Golden girls inmate who has killed people Frieda
36%
Nun Sister Ingalls
35%
Her wife Crystal Burset
25%
Spanish woman who speaks in a toilet Flores
24%
Ex assistant to the warden Natalie Figueroa
20%
Girl who died in 1st series Patricia Miller
14%
Prisoner who helps Red in the kitchen Gina Murphy
12%
No matching quizzes found
Score Distribution
Percent of People with Each Score
Percentile by Number Answered
Your Score History
You have not taken this quiz since the last reset